[Event "Saint Louis SPICE Cup op 11th"]
[Site "Saint Louis"]
[Date "2017.10.23"]
[Round "5"]
[White "Mercado, Luisa Fernanda"]
[Black "Swindell, Shawn"]
[Result "1-0"]
[WhiteElo "1944"]
[BlackElo "2018"]
[PlyCount "83"]
[EventDate "2017.10.21"]
[EventType "swiss"]
[EventRounds "9"]
[EventCountry "USA"]
[SourceTitle "CBM 181 Extra"]
[Source "ChessBase"]
[SourceDate "2017.12.12"]
[SourceVersion "1"]
[SourceVersionDate "2017.12.12"]
[SourceQuality "1"]

1. e4 c6 2. d4 d5 3. exd5 cxd5 4. c4 Nf6 5. Nc3 e6 6. Nf3 Be7 7. Bd3 dxc4 8. Bxc4 0-0 9. 0-0 Nbd7 10. Re1 Nb6 11. Bb3 Nbd5 12. Ne5 h6 13. a3 Qd6 14. Qd3 Rd8 15. Bc2 Bd7 16. Qg3 Kf8 17. Qh3 Kg8 18. Bd2 Rac8 19. Rad1 Be8 20. Bc1 b5 21. Rd3 Bf8 22. Rg3 Kh8 23. Bg5 b4 24. axb4 Qxb4 25. Ng4 Nxg4 26. Qxg4 f5 27. Qe2 Rd6 28. Bxh6 Qxd4 29. Nxd5 Qxd5 30. Bf4 Rb6 31. Be5 Qc4 32. Bd3 Qc1 33. Bd4 Qf4 34. Be5 Qc1 35. Bd4 Rd6 36. Bc3 Rxc3 37. bxc3 Qxc3 38. Bxf5 Qb4 39. Rh3+ Kg8 40. Bxe6+ Rxe6 41. Qxe6+ Bf7 42. Qe4 1-0

[Event "Saint Louis SPICE Cup op 10th"]
[Site "Saint Louis"]
[Date "2016.10.17"]
[Round "1"]
[White "Mercado, Luisa Fernanda"]
[Black "Kaliksteyn, Alexander"]
[Result "0-1"]
[WhiteElo "1939"]
[BlackElo "2412"]
[PlyCount "77"]
[EventDate "2016.10.17"]
[EventType "swiss"]
[EventRounds "9"]
[EventCountry "USA"]
[SourceTitle "CBM 175 Extra"]
[Source "ChessBase"]
[SourceDate "2016.12.12"]
[SourceVersion "1"]
[SourceVersionDate "2016.12.12"]
[SourceQuality "1"]

1. e4 c5 2. Nc3 g6 3. f4 Bg7 4. Nf3 Nc6 5. Bb5 Nd4 6. 0-0 Nxb5 7. Nxb5 Nf6 8. Qe2 b6 9. d3 Bb7 10. c4 d6 11. e5 dxe5 12. fxe5 Ng4 13. Ng5 Nxe5 14. Bf4 Qxd3 15. Nc7+ Kf8 16. Qxd3 Nxd3 17. Nxa8 Bxa8 18. Be3 Bf6 19. Rab1 h6 20. Nh3 Ne5 21. b3 Ng4 22. Bf2 Nxf2 23. Nxf2 Bd4 24. Kh1 e5 25. Rbe1 Kg7 26. Ng4 Re8 27. h3 f5 28. Nf2 e4 29. Nd1 Kf6 30. Kh2 Ke5 31. g3 g5 32. Ne3 Bxe3 33. Rxe3 f4 34. Ree1 Rd8 35. gxf4+ gxf4 36. Rd1 Rd4 37. Kg1 e3 38. Rfe1 Ke4 39. a4 0-1

[Event "COL-ch pre olympic (Women)"]
[Site "Antioquia"]
[Date "2016.06.16"]
[Round "8"]
[White "Franco Valencia, Angela Maria"]
[Black "Mercado, Luisa Fernanda"]
[Result "1-0"]
[WhiteElo "2245"]
[BlackElo "1926"]
[PlyCount "53"]
[EventDate "2016.06.11"]
[EventType "tourn"]
[EventRounds "11"]
[EventCountry "COL"]
[SourceTitle "CBM 173 Extra"]
[Source "ChessBase"]
[SourceDate "2016.08.29"]
[SourceVersion "1"]
[SourceVersionDate "2016.08.29"]
[SourceQuality "1"]

1. e4 e5 2. Bc4 Nf6 3. d3 Nc6 4. Nf3 Be7 5. 0-0 0-0 6. Re1 d6 7. c3 Re8 8. b4 h6 9. Qb3 Rf8 10. Nh4 Bd7 11. Ng6 a6 12. Nxf8 Qxf8 13. Qc2 Nd8 14. Nd2 Be6 15. a4 Bxc4 16. Nxc4 Ne6 17. Ne3 g6 18. Nd5 Nxd5 19. exd5 Nd8 20. f4 exf4 21. Bxf4 Bf6 22. d4 b6 23. Qf2 Bg7 24. Re2 Nb7 25. Rae1 a5 26. Re7 Rc8 27. b5 1-0

[Event "COL-ch pre olympic (Women)"]
[Site "Antioquia"]
[Date "2016.06.14"]
[Round "5"]
[White "Franco Valencia, Beatriz Irene"]
[Black "Mercado, Luisa Fernanda"]
[Result "1/2-1/2"]
[WhiteElo "2169"]
[BlackElo "1926"]
[PlyCount "56"]
[EventDate "2016.06.11"]
[EventType "tourn"]
[EventRounds "11"]
[EventCountry "COL"]
[SourceTitle "CBM 173 Extra"]
[Source "ChessBase"]
[SourceDate "2016.08.29"]
[SourceVersion "1"]
[SourceVersionDate "2016.08.29"]
[SourceQuality "1"]

1. d4 d5 2. Nf3 Nf6 3. g3 c6 4. Bg2 Bf5 5. 0-0 e6 6. c4 Be7 7. Nc3 Nbd7 8. Re1 h6 9. Nd2 0-0 10. cxd5 cxd5 11. Nb3 Rc8 12. f3 Nb6 13. e4 Bh7 14. e5 Nfd7 15. Be3 Nc4 16. Qe2 Nb8 17. Bf2 Na6 18. Red1 Qd7 19. Rac1 b5 20. Na1 b4 21. Nb1 Nc7 22. b3 Nb6 23. Bf1 a6 24. Qe3 Nb5 25. Bd3 Bxd3 26. Qxd3 Rc7 27. Rxc7 Qxc7 28. Be3 Rc8 1/2-1/2

[Event "COL pre olympic sf (Women)"]
[Site "Bogota"]
[Date "2016.05.29"]
[Round "8"]
[White "Mercado, Luisa Fernanda"]
[Black "Velez Alvarez, Laura Camila"]
[Result "1-0"]
[WhiteElo "1926"]
[BlackElo "1821"]
[PlyCount "89"]
[EventDate "2016.05.25"]
[EventType "swiss"]
[EventRounds "9"]
[EventCountry "COL"]
[SourceTitle "CBM 172 Extra"]
[Source "ChessBase"]
[SourceDate "2016.06.21"]
[SourceVersion "1"]
[SourceVersionDate "2016.06.21"]
[SourceQuality "1"]

1. e4 d6 2. d4 Nf6 3. Nc3 g6 4. g3 Bg7 5. Bg2 0-0 6. Nge2 c6 7. 0-0 e5 8. h3 Nbd7 9. Be3 Re8 10. a4 b6 11. Qd2 Bb7 12. Bg5 Qc7 13. a5 b5 14. dxe5 dxe5 15. a6 Bc8 16. Be3 Nb6 17. b3 Rd8 18. Qe1 Be6 19. Nc1 b4 20. N3e2 c5 21. f4 Ne8 22. f5 gxf5 23. exf5 Bd5 24. Qf2 Bxg2 25. Kxg2 Qc6+ 26. Kh2 c4 27. Ra2 c3 28. Nd3 Nd5 29. Bc5 Qb5 30. f6 Nexf6 31. Nxe5 Re8 32. Nd3 Re4 33. Nd4 Qd7 34. Qf5 Qxf5 35. Nxf5 Re2+ 36. Rf2 Rxf2+ 37. Nxf2 Nd7 38. Ra5 Nxc5 39. Rxc5 Nb6 40. Nxg7 Kxg7 41. Kg2 Rd8 42. Nd3 Nd5 43. Kf3 Kf6 44. Ke4 Ke6 45. Rxd5 1-0

[Event "Saint Louis SPICE Cup op 9th"]
[Site "Saint Louis"]
[Date "2015.10.20"]
[Round "6"]
[White "Mercado, Luisa Fernanda"]
[Black "Adamson, Robby"]
[Result "0-1"]
[WhiteElo "1936"]
[BlackElo "2269"]
[PlyCount "122"]
[EventDate "2015.10.17"]
[EventType "swiss"]
[EventRounds "9"]
[EventCountry "USA"]
[SourceTitle "CBM 168 Extra"]
[Source "ChessBase"]
[SourceDate "2015.10.29"]
[SourceVersion "1"]
[SourceVersionDate "2015.10.29"]
[SourceQuality "1"]

1. e4 c6 2. d4 d5 3. exd5 cxd5 4. c4 Nf6 5. Nc3 Nc6 6. cxd5 Nxd5 7. Nf3 g6 8. Bc4 Nxc3 9. bxc3 Bg7 10. 0-0 0-0 11. Re1 Qc7 12. Bd3 e6 13. Nd2 e5 14. d5 Na5 15. Ba3 Rd8 16. c4 f5 17. Rc1 b6 18. Bf1 Nb7 19. Nf3 Nc5 20. Bb2 e4 21. Bxg7 Qxg7 22. Nd4 Bd7 23. Nb3 Ba4 24. f3 Bxb3 25. axb3 a5 26. Kh1 Re8 27. fxe4 Nxe4 28. Rc2 Qe5 29. Kg1 a4 30. bxa4 Rxa4 31. Bd3 Qd4+ 32. Kh1 Nf6 33. Rce2 Rxe2 34. Bxe2 Qxd1 35. Rxd1 Ne4 36. Kg1 Nc3 37. Re1 Kf7 38. Bd3 Ra2 39. Rc1 Na4 40. Rb1 Ke7 41. Kf1 Rd2 42. Ra1 Nc5 43. Be2 Kd6 44. Ra7 Nd7 45. Rb7 Rb2 46. Kf2 Nf6 47. Ke3 g5 48. Rf7 f4+ 49. Kd3 Nd7 50. Bg4 Ne5+ 51. Kc3 Rxg2 52. Rf6+ Kc5 53. Bf5 Rxh2 54. Re6 Re2 55. d6 Re3+ 56. Kc2 Nc6 57. Rxe3 fxe3 58. Kd3 h6 59. d7 Kd6 60. Kxe3 Ke7 61. Kf3 Nd4+ 0-1

[Event "Saint Louis SPICE Cup op 9th"]
[Site "Saint Louis"]
[Date "2015.10.19"]
[Round "5"]
[White "Santarius, Erik F"]
[Black "Mercado, Luisa Fernanda"]
[Result "1/2-1/2"]
[WhiteElo "2334"]
[BlackElo "1936"]
[PlyCount "152"]
[EventDate "2015.10.17"]
[EventType "swiss"]
[EventRounds "9"]
[EventCountry "USA"]
[SourceTitle "CBM 168 Extra"]
[Source "ChessBase"]
[SourceDate "2015.10.29"]
[SourceVersion "1"]
[SourceVersionDate "2015.10.29"]
[SourceQuality "1"]

1. Nf3 d5 2. g3 g6 3. Bg2 Bg7 4. 0-0 e5 5. d3 Ne7 6. e4 dxe4 7. dxe4 Qxd1 8. Rxd1 Nbc6 9. Na3 a6 10. c3 0-0 11. Be3 h6 12. Bf1 Bg4 13. Bg2 f5 14. Re1 f4 15. gxf4 exf4 16. Bc5 Bxf3 17. Bxf3 Ne5 18. Be2 Rae8 19. f3 b6 20. Bf2 g5 21. Nc4 N7c6 22. Nxe5 Nxe5 23. Bd4 a5 24. Rad1 Re7 25. Kg2 Kh7 26. a4 Ng6 27. Bf2 c5 28. Rd6 Rf6 29. Red1 Ree6 30. Rd8 Ne5 31. h3 h5 32. Ba6 g4 33. hxg4 hxg4 34. fxg4 Nxg4 35. Bc4 Re5 36. Rh1+ Kg6 37. Kf3 Rg5 38. Bb5 Ne5+ 39. Ke2 f3+ 40. Ke1 Re6 41. Be8+ Nf7 42. Rh4 Bf6 43. Rb8 Rg1+ 44. Bxg1 Bxh4+ 45. Bf2 Rxe4+ 46. Kf1 Bxf2 47. Kxf2 Re6 48. Kxf3 Kf6 49. Bb5 Ke5 50. Rb7 Ng5+ 51. Ke3 Ne4 52. Bd3 Nf6 53. Bc4 Nd5+ 54. Kd3 Kd6 55. Bb5 Ke5 56. Ba6 Rh6 57. Kc4 Rh2 58. Rg7 Ne3+ 59. Kb5 Rxb2+ 60. Kc6 Nd1 61. c4 Ne3 62. Bb5 Kd4 63. Rd7+ Kc3 64. Kxb6 Nxc4+ 65. Kxc5 Nd2 66. Rd3+ Kc2 67. Rh3 Nb3+ 68. Kb6 Kb1 69. Ka6 Kc1 70. Bc4 Nc5+ 71. Kxa5 Nb7+ 72. Ka6 Nc5+ 73. Ka7 Rb7+ 74. Ka8 Rb4 75. Bb5 Nxa4 76. Bxa4 Rxa4+ 1/2-1/2

[Event "Antioquia-ch (Women)"]
[Site "Bagre Antioquia"]
[Date "2014.04.29"]
[Round "9"]
[White "Pachon Gutierrez, Adriana Paola"]
[Black "Mercado, Luisa Fernanda"]
[Result "1-0"]
[WhiteElo "2060"]
[BlackElo "1986"]
[PlyCount "95"]
[EventDate "2014.04.23"]
[EventType "tourn"]
[EventRounds "11"]
[EventCountry "COL"]
[SourceTitle "CBM 160 Extra"]
[Source "ChessBase"]
[SourceDate "2014.07.01"]
[SourceVersion "1"]
[SourceVersionDate "2014.07.01"]
[SourceQuality "1"]

1. b3 e5 2. Bb2 Nc6 3. e3 d6 4. d4 g6 5. Bb5 Bg7 6. dxe5 Bxe5 7. Bxe5 dxe5 8. Qxd8+ Kxd8 9. Bxc6 bxc6 10. Nf3 f6 11. Nc3 Ke7 12. Na4 Rb8 13. c4 Nh6 14. h3 Nf7 15. Ke2 Nd8 16. g4 Ne6 17. h4 Bb7 18. g5 c5 19. gxf6+ Kxf6 20. Rh3 Rhf8 21. Nc3 Rbd8 22. Rg1 Rd7 23. Nd2 Kg7 24. Nde4 a5 25. h5 g5 26. Nxg5 Nxg5 27. Rxg5+ Kf6 28. Rg1 Rfd8 29. Rd1 Rxd1 30. Nxd1 a4 31. Nc3 axb3 32. axb3 Bc6 33. e4 Rb8 34. Nd5+ Bxd5 35. exd5 h6 36. Rg3 Kf5 37. Kd2 Ke4 38. Kc3 Rf8 39. Rg7 Rf3+ 40. Kb2 Rxf2+ 41. Ka3 Kd4 42. Rxc7 e4 43. d6 Rf8 44. Re7 e3 45. Ka4 Rd8 46. d7 Kd3 47. Kb5 e2 48. Kxc5 1-0

[Event "Antioquia-ch (Women)"]
[Site "Bagre Antioquia"]
[Date "2014.04.25"]
[Round "4"]
[White "Mercado, Luisa Fernanda"]
[Black "Castrillon Gomez, Melissa"]
[Result "0-1"]
[WhiteElo "1986"]
[BlackElo "2218"]
[PlyCount "80"]
[EventDate "2014.04.23"]
[EventType "tourn"]
[EventRounds "11"]
[EventCountry "COL"]
[SourceTitle "CBM 160 Extra"]
[Source "ChessBase"]
[SourceDate "2014.07.01"]
[SourceVersion "1"]
[SourceVersionDate "2014.07.01"]
[SourceQuality "1"]

1. e4 c5 2. Nc3 e6 3. f4 Nc6 4. Nf3 Nge7 5. g3 d6 6. Bg2 g6 7. 0-0 Bg7 8. d3 0-0 9. Ne2 Rb8 10. Kh1 e5 11. fxe5 dxe5 12. Be3 b6 13. Qd2 Nd4 14. Rf2 Bg4 15. Raf1 Nec6 16. Nc3 Nb4 17. Ne1 Be6 18. a3 Nbc6 19. Nd5 Bxd5 20. exd5 Ne7 21. Bg5 Qd7 22. c3 Ndf5 23. g4 Nd6 24. Qe3 Rbe8 25. Qh3 b5 26. Qh4 f5 27. Bxe7 Rxe7 28. Nf3 Bf6 29. g5 Bg7 30. Re2 e4 31. dxe4 Nxe4 32. Rfe1 Rfe8 33. Kg1 c4 34. Kf1 Qxd5 35. Qf4 Qd3 36. Kg1 Qd8 37. Bf1 Qb6+ 38. Kh1 Nf2+ 39. Kg2 Nd3 40. Qd2 Nxe1+ 0-1

[Event "Cartagena Bolivar"]
[Site "Cartagena"]
[Date "2014.03.13"]
[Round "9"]
[White "Mercado, Luisa Fernanda"]
[Black "Dominguez, Ramiro"]
[Result "0-1"]
[WhiteElo "1992"]
[BlackElo "2229"]
[PlyCount "76"]
[EventDate "2014.03.03"]
[EventType "tourn"]
[EventRounds "9"]
[EventCountry "COL"]
[SourceTitle "CBM 159 Extra"]
[Source "ChessBase"]
[SourceDate "2014.04.24"]
[SourceVersion "1"]
[SourceVersionDate "2014.04.24"]
[SourceQuality "1"]

1. e4 d6 2. d4 g6 3. g3 Bg7 4. Bg2 Nf6 5. Nc3 0-0 6. Nge2 c6 7. a4 Nbd7 8. 0-0 e5 9. Re1 Re8 10. h3 b6 11. Be3 Bb7 12. Qd2 Qc7 13. Rad1 Rad8 14. Qc1 a6 15. Bg5 b5 16. dxe5 Nxe5 17. b3 b4 18. Nb1 c5 19. Nf4 h6 20. Bxf6 Bxf6 21. Nd5 Bxd5 22. Rxd5 Bg7 23. Red1 Nc6 24. Nd2 Bc3 25. Rf1 Nd4 26. Kh1 Ne2 27. Qb1 Bg7 28. Re1 Nc3 29. Qc1 Re7 30. Nc4 Rde8 31. Qf4 Re6 32. Ne3 h5 33. Nd1 Nxd5 34. Qd2 Nf6 35. f3 Kh7 36. Qf2 d5 37. exd5 Nxd5 38. Rxe6 Rxe6 0-1

[Event "COL-ch sf (Women)"]
[Site "Medellin"]
[Date "2014.??.??"]
[Round "5"]
[White "Salcedo, Jackeline"]
[Black "Mercado, Luisa Fernanda"]
[Result "0-1"]
[WhiteElo "1933"]
[BlackElo "1986"]
[PlyCount "62"]
[EventDate "2014.04.15"]
[EventType "swiss"]
[EventRounds "9"]
[EventCountry "COL"]
[SourceTitle "CBM 160 Extra"]
[Source "ChessBase"]
[SourceDate "2014.07.01"]
[SourceVersion "1"]
[SourceVersionDate "2014.07.01"]
[SourceQuality "1"]

1. c4 c6 2. e4 e5 3. d4 Nf6 4. Nc3 Qa5 5. Qd3 Bb4 6. Bd2 0-0 7. d5 Na6 8. Nf3 d6 9. Be2 Nc5 10. Qc2 Qb6 11. Bd3 Bxc3 12. Bxc3 cxd5 13. cxd5 Bd7 14. Nd2 Bb5 15. Bxb5 Qxb5 16. Rf1 Rac8 17. f3 Na4 18. Qb3 Nxc3 19. bxc3 Qd3 20. c4 Qd4 21. Ke2 b5 22. Rac1 Rc5 23. Rfd1 Rfc8 24. Nf1 Qg1 25. Ne3 Qxh2 26. Rh1 Qf4 27. Nf5 Rxc4 28. g3 Qg5 29. Rxc4 Rxc4 30. Nxd6 Qxg3 31. Qxb5 Qg2+ 0-1

[Event "Pan American-ch U20 Girls"]
[Site "Bogota"]
[Date "2013.07.15"]
[Round "9"]
[White "Mercado, Luisa Fernanda"]
[Black "Vargas Banda, Valentina Javiera"]
[Result "1-0"]
[WhiteElo "2049"]
[BlackElo "1821"]
[PlyCount "77"]
[EventDate "2013.07.10"]
[EventType "swiss"]
[EventRounds "9"]
[EventCountry "COL"]
[SourceTitle "CBM 155 Extra"]
[Source "ChessBase"]
[SourceDate "2013.08.26"]
[SourceVersion "1"]
[SourceVersionDate "2013.08.26"]
[SourceQuality "1"]

1. d4 Nf6 2. Nf3 g6 3. Bg5 Bg7 4. Nbd2 d6 5. e4 h6 6. Bh4 0-0 7. c3 a5 8. a4 Na6 9. Bc4 c5 10. 0-0 cxd4 11. cxd4 Nb4 12. Re1 d5 13. exd5 Nfxd5 14. Qb3 Re8 15. Rac1 Be6 16. Ne5 g5 17. Bg3 Nc7 18. Nxf7 Bxc4 19. Qxc4 Qxd4 20. Nxh6+ Kh7 21. Qxd4 Bxd4 22. Nf5 Nd3 23. Nxd4 Nxc1 24. Bxc7 Nd3 25. Re3 Nxb2 26. Ne6 Nxa4 27. Nc4 b5 28. Rh3+ Kg6 29. Ne5+ Kf5 30. Ng7+ Ke4 31. Re3+ Kd4 32. Nxe8 Rxe8 33. Bxa5 Ra8 34. Bb4 Nb2 35. g3 e6 36. Be7 Rb8 37. Bxg5 b4 38. Bf6 Na4 39. Nd3+ 1-0

[Event "Pan American-ch U20 Girls"]
[Site "Bogota"]
[Date "2013.07.13"]
[Round "6"]
[White "Garcia Contreras, Ana"]
[Black "Mercado, Luisa Fernanda"]
[Result "1/2-1/2"]
[WhiteElo "1832"]
[BlackElo "2049"]
[PlyCount "54"]
[EventDate "2013.07.10"]
[EventType "swiss"]
[EventRounds "9"]
[EventCountry "COL"]
[SourceTitle "CBM 155 Extra"]
[Source "ChessBase"]
[SourceDate "2013.08.26"]
[SourceVersion "1"]
[SourceVersionDate "2013.08.26"]
[SourceQuality "1"]

1. e4 e5 2. Nf3 Nf6 3. Nxe5 d6 4. Nf3 Nxe4 5. Nc3 Nxc3 6. dxc3 Be7 7. Qd4 0-0 8. Be3 c6 9. 0-0-0 Qa5 10. a3 Nd7 11. Qf4 Nf6 12. Bd4 Qf5 13. Qxf5 Bxf5 14. Bd3 Bxd3 15. Rxd3 d5 16. Re1 Rfe8 17. Kd1 Ne4 18. Nd2 Bg5 19. Nxe4 dxe4 20. Rg3 Bh6 21. Be3 Bxe3 22. Rgxe3 Red8+ 23. Kc1 f5 24. f3 exf3 25. Rxf3 Rf8 26. Re7 Rab8 27. Rd3 Rf7 1/2-1/2

[Event "Pan American-ch U20 Girls"]
[Site "Bogota"]
[Date "2013.07.11"]
[Round "3"]
[White "Mercado, Luisa Fernanda"]
[Black "Pachon Gutierrez, Adriana Paola"]
[Result "0-1"]
[WhiteElo "2049"]
[BlackElo "2033"]
[PlyCount "120"]
[EventDate "2013.07.10"]
[EventType "swiss"]
[EventRounds "9"]
[EventCountry "COL"]
[SourceTitle "CBM 155 Extra"]
[Source "ChessBase"]
[SourceDate "2013.08.26"]
[SourceVersion "1"]
[SourceVersionDate "2013.08.26"]
[SourceQuality "1"]

1. e4 e5 2. Nf3 Nc6 3. Nc3 g6 4. d4 exd4 5. Nxd4 Bg7 6. Be3 Nge7 7. Qd2 a6 8. Be2 d6 9. 0-0-0 b5 10. Nxc6 Nxc6 11. Bh6 0-0 12. Bxg7 Kxg7 13. h4 h6 14. g4 Ne5 15. h5 g5 16. f4 gxf4 17. Qxf4 Qg5 18. Qxg5+ hxg5 19. Nd5 f6 20. Rhg1 Ra7 21. Rdf1 c6 22. Ne3 Re7 23. Rd1 Nf7 24. Bf3 d5 25. Bg2 dxe4 26. Rd4 Rfe8 27. Rgd1 Nh6 28. Bh3 Kf7 29. Rd6 Re6 30. R6d4 Bb7 31. Kd2 c5 32. Rd7+ R8e7 33. Ke2 Rxd7 34. Rxd7+ Re7 35. Rd8 Kg7 36. Nd5 Bxd5 37. Rxd5 f5 38. gxf5 g4 39. Bg2 Kf6 40. Ke3 Nxf5+ 41. Kf4 Nd4 42. Rd6+ Kf7 43. Bxe4 Ne2+ 44. Kxg4 Rxe4+ 45. Kf3 Re6 46. Rd7+ Kf6 47. c3 Nc1 48. h6 Ke5 49. h7 Rh6 50. Ra7 Kd5 51. Rxa6 Rxh7 52. Rb6 Kc4 53. b3+ Kxc3 54. Rxb5 Rc7 55. Ra5 Kb2 56. Ke3 Nxa2 57. Kd3 Kxb3 58. Kd2 c4 59. Rb5+ Nb4 60. Kc1 Rh7 0-1